00377nam a2200133Ia 4500003000400000008004100004040001600045082001800061100001900079245006000098260005100158300000900209650002500218GCL140319s9999 xx 000 0 eng d aGCL / cGCL04a792.0321bB C1 aBANHAN, MARTIN10aThe Cambridge guide to World Theatre / cBANHAN, MARTIN a[S.N] : bCAMLRIDGE UNIVERSITY PRESS ، c1982 a110404aTHEATER - DICTIONARY